La dependencia político económica de América Latina
Guardat en:
| Autors principals: | , , , |
|---|---|
| Format: | Desconegut |
| Idioma: | Spanish |
| Publicat: |
México:
Siglo Veintiuno,
1974.
|
| Edició: | 6. edición |
| Matèries: | |
| Etiquetes: |
Afegir etiqueta
Sense etiquetes, Sigues el primer a etiquetar aquest registre!
|
MARC
| LEADER | 000000000a22000000004500 | ||
|---|---|---|---|
| 001 | 000875 | ||
| 008 | 180216b xxu||||| |||| 00| 0 spa d | ||
| 041 | 0 | |a español | |
| 082 | |a 338.918 |b D419d6 | ||
| 100 | 1 | |a Jaguaribe, Helio | |
| 100 | 1 | |a Ferrer, Aldo | |
| 100 | 1 | |a Wionczek S., Miguel | |
| 100 | 1 | |a Dos Santos, Thetonio | |
| 245 | 1 | 0 | |a La dependencia político económica de América Latina |
| 250 | |a 6. edición | ||
| 260 | |a México: |b Siglo Veintiuno, |c 1974. | ||
| 300 | |a ix, 293 páginas. -- Economía y demografía | ||
| 500 | |a Donación Elisa Trejos | ||
| 650 | 4 | |a AMERICA LATINA | |
| 650 | 4 | |a INTEGRACION ECONOMICA | |
| 650 | 4 | |a CONDICIONES ECONOMICAS | |
| 650 | 4 | |a 1945 | |
| 650 | 4 | |a INVERSIONES EXTRANJERAS | |
| 942 | |2 ddc |c BK | ||
| 999 | |c 1649 |d 1649 | ||
